Utilization of powdered EPDM scrap in EPDM compound (Record no. 72033)
[ view plain ]
| 000 -LEADER | |
|---|---|
| fixed length control field | 00435nam a2200169Ia 4500 |
| 100 ## - MAIN ENTRY--AUTHOR NAME | |
| Personal name | Jacob C J |
| 245 #0 - TITLE STATEMENT | |
| Title | Utilization of powdered EPDM scrap in EPDM compound |
| 260 ## - PUBLICATION, DISTRIBUTION, ETC. (IMPRINT) | |
| Name of publisher | Rubber Chemistry and Technology |
| Year of publication | 2003 |
| 300 ## - PHYSICAL DESCRIPTION | |
| Number of Pages | 36-59 |
| 650 ## - SUBJECT ADDED ENTRY--TOPICAL TERM | |
| Topical Term | EPDM compound |
| 650 ## - SUBJECT ADDED ENTRY--TOPICAL TERM | |
| Topical Term | EPDM vulcanizate |
| 700 ## - ADDED ENTRY--PERSONAL NAME | |
| Personal name | Bhowmick A K |
| 700 ## - ADDED ENTRY--PERSONAL NAME | |
| Personal name | De P P |
| 700 ## - ADDED ENTRY--PERSONAL NAME | |
| Personal name | De S K |
| 942 ## - ADDED ENTRY ELEMENTS (KOHA) | |
| Koha item type | Journals |
| Withdrawn status | Lost status | Damaged status | Not for loan | Home library | Current library | Shelving location | Date acquired | Serial Enumeration / chronology | Koha item type |
|---|---|---|---|---|---|---|---|---|---|
| Journals | RRII Library | RRII Library | Rubber chemistry | 26/08/2003 | Volume 76, Issue 1 | Journals |